LEADER 00866nam0-2200289 --450 001 9910412758703321 005 20200901094918.0 010 $a978-88-06-24278-7 100 $a20200901d2019----km y0itay50 ba 101 1 $aita$ceng 102 $aIT 105 $aa 001yy 200 1 $a<>mondo islamico$euna storia per oggetti$fLadan Akbarnia ... [et al.] 210 $aTorino$cEinaudi$d2019 215 $a271 p.$cill.$d25 cm 300 $aTraduzione di Francesco Alfonso Leccese 454 0$12001$a<>islamic world$ea history in objects$91157540 610 0 $aCiviltà musulmana 676 $a909.09767$v23$zita 702 1$aAkbarnia,$bLadan 801 0$aIT$bUNINA$gREICAT$2UNIMARC 901 $aBK 912 $a9910412758703321 952 $aXIV E 4417$b187/2020$fFSPBC 959 $aFSPBC 996 $aIslamic world$91157540 997 $aUNINA